000 00742nam a22002177a 4500
999 _c3775
_d3775
003 AR-CdUCM
008 190307b ||||| |||| 00| 0 spa d
040 _aMUNICIPALIDAD PROVINCIAL DEL CUSCO
_cBIBLIOTECA MUNICIPAL DEL CUSCO
082 _a803 /
_bSA16
100 _aSainz de Robles, Federico Carlos
_912190
245 _aEnsáyo de un Diccionario de la Literatura /
260 _aMadrid :
_bS.A Aguilar ,
_c1953.
300 _a1233 páginas ;
_c24.5 cm.
440 _aEscritores Españoles e Hispanoamericanos
_n2
_912191
500 _aDiccionario de autores Literarios
650 _aDiccionario de Literatura
_912192
650 _aEscritores Hispanoamericanos
_912193
650 _aLiteratura
_983
942 _2ddc
_cLIBROS
945 _artm